Quiz of the World Stats

 Plays Quiz not verified by Sporcle

Support Sporcle.
Go Orange.
Score 0/195 Timer 20:00
0 Plays Today
Country and Question Answer % Correct
Grenada - Drives on theLeft
68.3%
Nicaragua - Drives on theRight
66.5%
El Salvador - Bordering OceanPacific Ocean
65.7%
Mauritania - Drives on theRight
65.7%
United States - Youngest stateHawaii (August 21, 1959)
64.8%
Uzbekistan - Drives on theRight
63.9%
Swaziland - Drives on theLeft
62.2%
Lesotho - Bordering countrySouth Africa
60.4%
Australia - Largest islandTasmania
59.6%
Croatia - Largest religionRoman catholicism
59.1%
Papua New Guinea - Age of Suffrage18
58.3%
Israel - Symbol on flagStar of David
58.3%
Dem. Rep. of the Congo - Largest religionRoman catholicism
57.4%
Ecuador - Mountain rangeAndes
56.5%
Mali - Most popular sportFootball
55.7%
Rep of the Congo - Bordering OceanAtlantic Ocean
55.2%
Denmark - DemonymDanish
53.9%
Libya - Flag color(s)Green
53.5%
United Kingdom - Second in line of succession to the thronePrince William of Wales
53.5%
Bosnia and Herzegovina - 1914 murder victim in capital cityFrans Ferdinand
53%
Namibia - Country with longest borderAngola (1,376 km)
53%
Mongolia - Famous leader of the Mongol EmpireGenghis Khan
53%
Netherlands - Former Dutch colony nowadays known as New York CityNew Amsterdam
52.6%
Vatican City - Flag shapeSquare
52.6%
Cape Verde - Independence fromPortugal
52.6%
Guinea - Independence fromFrance
52.2%
Pakistan - Largest cityKarachi
52.2%
Kenya - Largest religionProtestantism
52.2%
Malta - Number of islands inhabited3
51.7%
Honduras - Country with longest borderNicaragua (922 km)
51.3%
Ghana - Independence fromUK
51.3%
Seychelles - Age of Suffrage17
49.6%
Marshall Islands - Independence fromUnited States
49.6%
Eritrea - Bordering seaRed Sea
49.1%
Lebanon - Bordering seaMediterranean Sea
48.7%
Syria - Bordering seaMediterranean Sea
48.3%
Mauritius - Extinct local bird (related to doves and pigeons) that couldn't flyDodo
48.3%
Jamaica - World record holder 100m/200m for menUsain Bolt
48.3%
Sierra Leone - Largest religionIslam
48.3%
Suriname - Official languageDutch
48.3%
Sri Lanka - Largest religionBuddhism
47.4%
New Zealand - Most populous islandNorth Island
47.4%
Egypt - Former PresidentHosni Mubarak
47.4%
Uruguay - Independence from (direct)Empire of Brazil
47%
Belarus - Second largest ethnic groupRussian
47%
Morocco - Disputed territoryWestern Sahara
46.5%
Malaysia - Internet top-level domain.my
46.5%
Portugal - Second largest cityPorto
46.5%
Colombia - Famous singer of FIFA anthemShakira
46.1%
Poland - Endonym (name in native language)Polska
45.7%
Guyana - Internet top-level domain.gy
45.7%
Singapore - Largest ethnic groupChinese
45.7%
Andorra - Mountain rangePyrenees
45.7%
Luxembourg - Independence fromThe Netherlands
45.2%
Tuvalu - Internet top-level domain.tv
45.2%
Haiti - Official language (besides French)Haitian Creole
45.2%
Bahrain - Causeway-connected countrySaudi Arabia
44.3%
San Marino - Former currencySammarinese lira
44.3%
Switzerland - Largest lakeLake Geneva
44.3%
Zambia - Largest waterfallVictoria Falls
44.3%
Estonia - CurrencyEuro (since 1 January 2011)
43.9%
Brunei - Internet top-level domain.bn
43.9%
Timor-Leste - Year of independence2002
43.9%
Italy - Founders of Rome (according to the legend)Romulus and Remus
43.5%
Azerbaijan - Bordering lakeCaspian Sea
43%
Country and Question Answer % Correct
Laos - Official languageLao
42.6%
Cuba - US-controlled areaGuantánamo Bay
42.2%
Bangladesh - Former nameEast Pakistan
41.7%
Albania - Bordering seaAdriatic Sea
41.3%
Cyprus - CurrencyEuro
41.3%
Tanzania - Name of highest pointKilimanjaro (5,895 m)
41.3%
St. Lucia - Geometrical shape inside flagTriangle
40.9%
UAE - Largest emirate (by area)Abu Dhabi
40.4%
Djibouti - Closest non-bordering countryYemen (20 km)
40%
Macedonia - Flag color(s)Red and Yellow
40%
Vietnam - Government typeCommunist state
40%
Bolivia - Largest lakeLake Titicaca
40%
Iceland - Military expenditures (% of GDP)0
39.6%
Malawi - Country with longest borderMozambique (1,569 km)
39.1%
Togo - Largest bordering country (area)Burkina Faso
39.1%
Kosovo - Largest ethnic groupAlbanians
39.1%
Taiwan - Official name (full)Republic of China
38.3%
Moldova - Population (nearest million)4,317,483
38.3%
Botswana - Largest desertKalahari Desert
37%
Jordan - Official name (full)Hashemite Kingdom of Jordan
37%
Iraq - Two major riversTigris and Euphrates
37%
Armenia - Year of independence1991
37%
Belize - Largest cityBelize City
36.5%
Japan - Last year to host the Olympics1998 (Nagano)
36.5%
Guinea-Bissau - Official LanguagePortuguese
36.1%
Russia - Exclave (disconnected continental part of country)Kaliningrad Oblast
35.7%
Belgium - Official name (full)Kingdom of Belgium
35.7%
Kazakhstan - Largest cityAlmaty
35.2%
Greece - Name of highest pointMount Olympus (2,917 m)
34.8%
Norway - Last year to host the Olympics1994 (Lillehammer)
34.3%
Georgia - Most important export partnerTurkey (17.87 % of total export)
34.3%
Somalia - Object in flagStar
34.3%
Slovenia - Internet top-level domain.si
33.5%
Liberia - Country with longest borderCote d'Ivoire (716 km)
32.2%
Sweden - Endonym (name in native language)Sverige
32.2%
Burkina Faso - Former nameUpper Volta
32.2%
Montenegro - Independence from (direct)Serbia and Montenegro
31.7%
Senegal - Object in flagStar
31.7%
Guatemala - Population (nearest million)13,550,440
31.7%
Kyrgyzstan - Object in flag40-ray Sun
31.3%
France - National AnthemLa Marseillaise
31.3%
Maldives - Highest point (nearest meter)2.4 m
31.3%
Cen. Afr. Rep. - Government typeRepublic
30.9%
Tajikistan - Population (nearest million)7,995,754
30%
Hungary - Famous spice typical of Hungarian cuisinePaprika
29.6%
Yemen - Population (nearest million)23,495,361
29.6%
Latvia - Most popular sportIce hockey
29.6%
South Africa - Number of Provinces9
29.6%
Monaco - Oldest casinoMonte Carlo Casino
29.1%
Benin - Population (nearest million)9,056,010
28.7%
Burundi - Independence fromBelgium
28.3%
Cambodia - Official languageKhmer
28.3%
Saudi Arabia - Number of Provinces13
27.8%
Ethiopia - Former nameAbyssinia
27.4%
Costa Rica - Number of Provinces7
27.4%
Lithuania - Second largest ethnic groupPolish
27.4%
Afghanistan - Head of governmentHamid Karzai
27%
Chad - Largest lakeLake Chad
27%
Canada - Official Summer SportLacrosse
27%
Philippines - Largest city (city limits)Quezon City
25.2%
Comoros - Official language (besides French)Arabic or Shikomor
25.2%
Cote d'Ivoire - Top producer of this goodCacao
24.8%
China - PresidentHu Jintao
24.8%
Madagascar -DemonymMalagasy
24.3%
Barbados - Object in flagTrident
24.3%
Country and Question Answer % Correct
Peru - Number of regions25
23.9%
Iran - PresidentMahmoud Ahmadinejad
23.9%
The Gambia - Longest riverGambia River
23.5%
Turkey - Major peninsulaAnatolia
23.5%
Mexico - Mexico-city is build on the ruins of this old Aztec cityTenochtitlan
23.5%
Rwanda - Most important export partnerKenya (33.88% of total export)
23.5%
Cameroon - Well-known football strikerSamuel Eto'o
23%
Samoa - Former nameWestern Samoa
22.6%
Kuwait - Name of biggest offensive during Gulf WarOperation Desert Storm
22.6%
Algeria - Population (nearest million)34,586,184
22.6%
Chile - Amount of days miners were trapped in mine (2010)69
21.7%
Spain - Most populous islandTenerife (Canary Islands)
21.7%
Liechtenstein - Official name (full)Principality of Liechtenstein
21.3%
Argentina - Second largest cityCordoba
21.3%
Gabon - Time zoneUTC +1
21.3%
Bulgaria - CurrencyLev
20.4%
Panama - Time zoneUTC-5
20%
Indonesia - Number of islands (nearest thousand)17,508
19.6%
Serbia - Second largest cityNovi Sad
19.1%
Romania - Second largest ethnic groupHungarian
19.1%
Angola - Exclave (disconnected continental part of country)Cabinda
18.7%
Germany - Most important import partnerNetherlands (12.71 % of total import)
18.7%
Ukraine - Second largest cityKharkiv
18.3%
Qatar - Time zoneUTC+3
18.3%
Tunisia - Year of independence1956
18.3%
Venezuela - Longest riverOrinoco
17.8%
Kiribati - Time zoneUTC +12 +13 +14
17.4%
Tonga - Government typeKingdom
16.5%
Myanmar - Noble peace price winner and opposition leaderAung San Suu Kyi
16.1%
Nauru - Time zoneUTC +12
16.1%
St. Kitts and Nevis - DemonymKittitian/Nevisian
15.7%
Nigeria - Most important import partnerChina (14.89% of total import)
15.7%
Vanuatu - Island claim dispute with... (country)France
15.2%
Nepal - Highest point (nearest meter)8,848 m (Mount Everest)
15.2%
Dominica - Bird on flagSisserou Parrot
14.8%
Slovakia - Former currencySlovak koruna
14.3%
Sudan - Largest city (city limits)Omdurman
14.3%
Oman - Official name (full)Sultanate of Oman
14.3%
Czech Republic - Longest riverVltava
13.9%
Brazil - Largest stateAmazonas
13%
St. Vincent-Grenadines - Internet top-level domain.vc
11.7%
Mozambique - DemonymMozambican
11.3%
Equatorial Guinea - Island where capital is locatedBioko
11.3%
Finland - Lowest pointBaltic Sea (0 m)
10.9%
Antigua and Barbuda - CurrencyEast Caribbean dollars
10.4%
Uganda - CurrencyUgandan shilling
9.6%
Zimbabwe - Inflation rate (2010 estimate, nearest whole)5%
9.1%
North Korea - Internet top-level domain.kp
9.1%
Trinidad and Tobago - Largest ethnic groupIndian (South Asian)
9.1%
India - National birdIndian Peafowl
9.1%
Bhutan - National sportArchery
9.1%
Dominican Republic - Second largest citySantiago de los Caballeros
8.7%
Solomon Islands - Island where capital is locatedGuadalcanal
8.3%
Paraguay - Year of independence1811
8.3%
Thailand - Head of stateKing Bhumibol Adulyadej
7.8%
Ireland - Amount of money (in billion € or $) in rescue plan of European Union and IMF€85 billion/$112 billion
7%
Austria - Name of highest pointGrossglockner (3,798 m)
5.7%
South Korea - Traditional clothingHanbok
5.2%
Niger - Lowest pointNiger river(200 m)
4.8%
Palau - Most populous islandKoror
4.8%
Micronesia - Largest cityWeno
3%
Bahamas - Largest islandAndros
2.6%
Fiji - National AnthemGod Bless Fiji
2.6%
Turkmenistan - World Heritage SiteAncient Merv
2.6%
Sao Tome and Principe - DemonymSantomean
1.3%

You're not logged in!

Compare scores with friends on all Sporcle quizzes.
OR
Log In

From the Vault

Cities of the Roman Empire

by BluntDiplomat

We have to wonder if they still accept Roman coins.
Remove Ads.
Support Sporcle.
Get the best of Sporcle when you Go Orange. This ad-free experience offers more features, more stats, and more fun while also helping to support Sporcle. Thank you for becoming a member.

Show Comments

Extras

Top Quizzes Today


Score Distribution

Your Account Isn't Verified!

In order to create a playlist on Sporcle, you need to verify the email address you used during registration. Go to your Sporcle Settings to finish the process.

Report this User

Report this user for behavior that violates our Community Guidelines.

Details: